<?xml version="1.0" encoding="UTF-8"?><?xml-stylesheet type="text/xsl" href="static/style.xsl"?><OAI-PMH xmlns="http://www.openarchives.org/OAI/2.0/" xmlns:xsi="http://www.w3.org/2001/XMLSchema-instance" xsi:schemaLocation="http://www.openarchives.org/OAI/2.0/ http://www.openarchives.org/OAI/2.0/OAI-PMH.xsd"><responseDate>2026-04-17T00:46:15Z</responseDate><request verb="GetRecord" identifier="oai:www.recercat.cat:11351/10162" metadataPrefix="marc">https://recercat.cat/oai/request</request><GetRecord><record><header><identifier>oai:recercat.cat:11351/10162</identifier><datestamp>2025-10-24T08:28:21Z</datestamp><setSpec>com_2072_451660</setSpec><setSpec>com_2072_378040</setSpec><setSpec>col_2072_451662</setSpec></header><metadata><record xmlns="http://www.loc.gov/MARC21/slim" xmlns:dcterms="http://purl.org/dc/terms/" xmlns:xsi="http://www.w3.org/2001/XMLSchema-instance" xmlns:doc="http://www.lyncode.com/xoai" xsi:schemaLocation="http://www.loc.gov/MARC21/slim http://www.loc.gov/standards/marcxml/schema/MARC21slim.xsd">
   <leader>00925njm 22002777a 4500</leader>
   <datafield ind2=" " ind1=" " tag="042">
      <subfield code="a">dc</subfield>
   </datafield>
   <datafield ind2=" " ind1=" " tag="720">
      <subfield code="a">Rubín de Célix, Cristina</subfield>
      <subfield code="e">author</subfield>
   </datafield>
   <datafield ind2=" " ind1=" " tag="720">
      <subfield code="a">Pujol Muncunill, Gemma</subfield>
      <subfield code="e">author</subfield>
   </datafield>
   <datafield ind2=" " ind1=" " tag="720">
      <subfield code="a">Velasco Rodríguez-Belvís, Marta</subfield>
      <subfield code="e">author</subfield>
   </datafield>
   <datafield ind2=" " ind1=" " tag="720">
      <subfield code="a">MARTÍN-MASOT, RAFAEL</subfield>
      <subfield code="e">author</subfield>
   </datafield>
   <datafield ind2=" " ind1=" " tag="720">
      <subfield code="a">Monfort Miquel, David</subfield>
      <subfield code="e">author</subfield>
   </datafield>
   <datafield ind2=" " ind1=" " tag="720">
      <subfield code="a">Martín de Carpi, Javier</subfield>
      <subfield code="e">author</subfield>
   </datafield>
   <datafield ind2=" " ind1=" " tag="720">
      <subfield code="a">Palomino Pérez, Laura María</subfield>
      <subfield code="e">author</subfield>
   </datafield>
   <datafield ind2=" " ind1=" " tag="260">
      <subfield code="c">2023-08-25T12:08:58Z</subfield>
   </datafield>
   <datafield ind2=" " ind1=" " tag="260">
      <subfield code="c">2023-08-25T12:08:58Z</subfield>
   </datafield>
   <datafield ind2=" " ind1=" " tag="260">
      <subfield code="c">2023-07-21</subfield>
   </datafield>
   <datafield ind2=" " ind1=" " tag="520">
      <subfield code="a">Inflammatory bowel diseases; Transition to adult care; Transitional care</subfield>
   </datafield>
   <datafield ind2=" " ind1=" " tag="520">
      <subfield code="a">Enfermedad inflamatoria intestinal; Tránsito a la atención adulta; Cuidados de transición</subfield>
   </datafield>
   <datafield ind2=" " ind1=" " tag="520">
      <subfield code="a">Malaltia inflamatòria intestinal; Trànsit a l'atenció adulta; Cures de transició</subfield>
   </datafield>
   <datafield ind2=" " ind1=" " tag="520">
      <subfield code="a">Background: Transition is a planned movement of paediatric patients to adult healthcare systems, and its implementation is not yet established in all inflammatory bowel disease (IBD) units. The aim of the study was to evaluate the impact of transition on IBD outcomes. (2) Methods: Multicentre, retrospective and observational study of IBD paediatric patients transferred to an adult IBD unit between 2017-2020. Two groups were compared: transition (≥1 joint visit involving the gastroenterologist, the paediatrician, a programme coordinator, the parents and the patient) and no-transition. Outcomes within one year after transfer were analysed. The main variable was poor clinical outcome (IBD flare, hospitalisation, surgery or any change in the treatment because of a flare). Predictive factors of poor clinical outcome were identified with multivariable analysis. (3) Results: A total of 278 patients from 34 Spanish hospitals were included. One hundred eighty-five patients (67%) from twenty-two hospitals (65%) performed a structured transition. Eighty-nine patients had poor clinical outcome at one year after transfer: 27% in the transition and 43% in the no-transition group (p = 0.005). One year after transfer, no-transition patients were more likely to have a flare (36% vs. 22%; p = 0.018) and reported more hospitalisations (10% vs. 3%; p = 0.025). The lack of transition, as well as parameters at transfer, including IBD activity, body mass index &lt; 18.5 and corticosteroid treatment, were associated with poor clinical outcome. One patient in the transition group (0.4%) was lost to follow-up. (4) Conclusion: Transition care programmes improve patients' outcomes after the transfer from paediatric to adult IBD units. Active IBD at transfer impairs outcomes.</subfield>
   </datafield>
   <datafield ind2=" " ind1=" " tag="520">
      <subfield code="a">This work was supported by a grant from the Young Group of the Spanish Gastroenterology Association (AEG).</subfield>
   </datafield>
   <datafield ind1="8" ind2=" " tag="024">
      <subfield code="a">http://hdl.handle.net/11351/10162</subfield>
   </datafield>
   <datafield tag="653" ind2=" " ind1=" ">
      <subfield code="a">Adolescents</subfield>
   </datafield>
   <datafield tag="653" ind2=" " ind1=" ">
      <subfield code="a">Adults</subfield>
   </datafield>
   <datafield tag="653" ind2=" " ind1=" ">
      <subfield code="a">Intestins - Inflamació</subfield>
   </datafield>
   <datafield tag="653" ind2=" " ind1=" ">
      <subfield code="a">DISEASES::Digestive System Diseases::Gastrointestinal Diseases::Gastroenteritis::Inflammatory Bowel Diseases</subfield>
   </datafield>
   <datafield tag="653" ind2=" " ind1=" ">
      <subfield code="a">ANALYTICAL, DIAGNOSTIC AND THERAPEUTIC TECHNIQUES, AND EQUIPMENT::Therapeutics::Patient Care::Continuity of Patient Care::Transition to Adult Care</subfield>
   </datafield>
   <datafield tag="653" ind2=" " ind1=" ">
      <subfield code="a">ANALYTICAL, DIAGNOSTIC AND THERAPEUTIC TECHNIQUES, AND EQUIPMENT::Therapeutics::Patient Care::Continuity of Patient Care::Transitional Care</subfield>
   </datafield>
   <datafield tag="653" ind2=" " ind1=" ">
      <subfield code="a">ENFERMEDADES::enfermedades del sistema digestivo::enfermedades gastrointestinales::gastroenteritis::enfermedad inflamatoria intestinal</subfield>
   </datafield>
   <datafield tag="653" ind2=" " ind1=" ">
      <subfield code="a">TÉCNICAS Y EQUIPOS ANALÍTICOS, DIAGNÓSTICOS Y TERAPÉUTICOS::terapéutica::asistencia al paciente::continuidad de la atención al paciente::cuidados de transición</subfield>
   </datafield>
   <datafield tag="653" ind2=" " ind1=" ">
      <subfield code="a">TÉCNICAS Y EQUIPOS ANALÍTICOS, DIAGNÓSTICOS Y TERAPÉUTICOS::terapéutica::asistencia al paciente::continuidad de la atención al paciente::tránsito a la atención adulta</subfield>
   </datafield>
   <datafield ind2="0" ind1="0" tag="245">
      <subfield code="a">Benefits of Paediatric to Adult Transition Programme in Inflammatory Bowel Disease: The BUTTERFLY Study of GETECCU and SEGHNP</subfield>
   </datafield>
</record></metadata></record></GetRecord></OAI-PMH>